Planning Latin America's capital cities, 1850-1950

Αποθηκεύτηκε σε:
Λεπτομέρειες βιβλιογραφικής εγγραφής
Άλλοι συγγραφείς: Almandoz Marte, Arturo 1960- (Επιμελητής έκδοσης)
Μορφή: Βιβλίο
Γλώσσα:English
Δημοσίευση: Lonson : Routledge, 2002
Σειρά:Planning, history, and the environment series
Θέματα:
Ετικέτες: Προσθήκη ετικέτας
Δεν υπάρχουν, Καταχωρήστε ετικέτα πρώτοι!

MARC

LEADER 00000nam a2200000 i 4500
001 1/70661
008 080116s2002 eng d
020 |a 0-415-27265-3 
035 |l 10093736 
040 |a GR-MY-UA  |b gre  |e aacr 
041 0 |a eng 
082 0 |a 307.1216098  |2 (22) 
245 1 0 |a Planning Latin America's capital cities, 1850-1950 /  |c edited by Arturo Almandoz 
260 |a Lonson :   |b Routledge,   |c 2002 
300 |a xii, 282 σ.;  |b εικ., χάρτες;  |c 26 εκ. 
490 1 |a Planning, history and the environment series 
504 |a Περιέχει βιβλιογραφικές παραπομπές και ευρετήριο 
650 0 0 |a City planning  |z Latin America  |x History. 
650 0 0 |a Capitals (Cities)  |z Latin America  |x Planning  |x History. 
650 0 0 |a Urbanization  |z Latin America  |x History. 
700 1 |a Almandoz Marte, Arturo  |d 1960-  |4 edt 
830 0 |a Planning, history, and the environment series 
852 |a INST  |b LESVOS  |e 20080116  |h 307.1216098 PLA  |p 005100040330  |q 005100040330  |t BK  |y 0 
901 |a BIBL1-2008-1 
909 |a Λ  |b 142803 
922 |a 1ΕΛΗ  |b 200712  |c ΕΠΕΑΕΚ2/ΤΚΑ  |d ΕΛΕΥΘΕΡΟΥΔΑΚΗΣ 
970 |a ΚΑΡΑ  |b ΓΙΑΣΕΜΗ  |z 2008/01/16